| 000 | 00751nam a2200217 u 4500 | ||
|---|---|---|---|
| 005 | 20251108063855.0 | ||
| 008 | 130828s2004 r 000 0 eng d | ||
| 020 | _a8497041348 | ||
| 035 | _aUPN01000192494 | ||
| 049 | _aCG | ||
| 050 | 4 |
_aQA76.76 H9.4 _bV5.3 |
|
| 100 | 1 |
_aVianello Osti, Marina _934432 |
|
| 245 | 1 | 3 |
_aEl hipertexto entre la utopía y la aplicación : _bidentidad, problemática y tendencias de la WEB / _cMarina Vianello Osti. |
| 260 |
_aAsturias, Esp. : _bTrea, _c2004. |
||
| 300 |
_a356 p. : _bfígs. |
||
| 440 | 0 |
_aBiblioteconomía y administración cultural ; _v105 |
|
| 650 | 2 |
_aSistemas hipertexto _94857 |
|
| 650 | 2 |
_aWorld Wide Web (Sistema de recuperación de información) _912328 |
|
| 905 | _aLibro | ||
| 999 |
_c164596 _d164596 |
||